La voz del rey: provisiones, privilegios y reales cédulas de Felipe II en el Archivo de Villa de Madrid / (Record n. 25894)

Dettagli MARC
000 -LEADER
fixed length control field 01237nam a2200253 i 4500
003 - CONTROL NUMBER IDENTIFIER
control field IT-RoINE
005 - DATE AND TIME OF LATEST TRANSACTION
control field 20230417140601.0
008 - FIXED-LENGTH DATA ELEMENTS--GENERAL INFORMATION
fixed length control field 991021s1999 sp | r o||| ||spa d
040 ## - CATALOGING SOURCE
Original cataloging agency SpMaBN
Transcribing agency IT-RoINE
Modifying agency IT-RoINE
100 1# - MAIN ENTRY--PERSONAL NAME
Personal name Cayetano Martín, María del Carmen
9 (RLIN) 51382
245 13 - TITLE STATEMENT
Title La voz del rey: provisiones, privilegios y reales cédulas de Felipe II en el Archivo de Villa de Madrid /
Statement of responsibility, etc por Mª del Carmen Cayetano Martín.
260 ## - PUBLICATION, DISTRIBUTION, ETC. (IMPRINT)
Place of publication, distribution, etc Madrid :
Name of publisher, distributor, etc Artes Gráficas Municipales ...,
Date of publication, distribution, etc 1999.
300 ## - PHYSICAL DESCRIPTION
Extent 50 p. ;
Dimensions 21 cm.
336 ## - CONTENT TYPE
Source rdacontent
Content type term text
337 ## - MEDIA TYPE
Source rdamedia
Media type term unmediated
338 ## - CARRIER TYPE
Source rdacarrier
Carrier type term volume
490 1# - SERIES STATEMENT
Series statement Ciclo de conferencias, El Madrid de Felipe II ;
Volume number/sequential designation 11
500 ## - GENERAL NOTE
General note Précede al tít.: Ayuntamiento de Madrid, Consejalía de cultura, educación juventud y deportes ; Instituo de estudios madrileños del Consejo superior de investigaciones cíentificas.
500 ## - GENERAL NOTE
General note La conferencia se pronunció el dia 18 de junio de 1998 en el Centro cultural de la Villa de Madrid.
600 00 - SUBJECT ADDED ENTRY--PERSONAL NAME
Personal name Felipe
Numeration II,
Titles and other words associated with a name Rey de España,
Dates associated with a name 1527-1598
9 (RLIN) 9965
610 24 - SUBJECT ADDED ENTRY--CORPORATE NAME
9 (RLIN) 51384
Corporate name or jurisdiction name as entry element Archivo General de la Villa de Madrid‏ (España)
830 #0 - SERIES ADDED ENTRY--UNIFORM TITLE
Uniform title Ciclo de conferencias, El Madrid de Felipe II
9 (RLIN) 51386
942 ## - ADDED ENTRY ELEMENTS (KOHA)
Item type Monografías
Dati di copia
Withdrawn status Lost status Damaged status Not for loan Home library Current library Date acquired Total Checkouts Full call number Barcode Date last seen Price effective from Koha item type
        Iglesia Nacional Española en Roma Iglesia Nacional Española en Roma 06/07/2018   HIS.ESP.3. 47 51462 06/07/2018 06/07/2018 Monografías